000 00587nam a22001577a 4500
999 _c535112
_d535112
020 _qHard Cover.
082 _a670.5
100 _aZaman, Abdul Saboor
245 _aReduction of Changeover Time in Pressure Die Casting Process at an Automotive parts Manufacturer using SMED Methodology /
_cAbdul Saboor Zaman.
260 _aIslamabad:
_bPNEC NUST,
_c2016.
300 _a96 p. :
_bill. ;
_c30cm.
942 _2ddc
_cTHE
650 _aManufacturing Engineering and Management MS-Thesis.
_929576
700 _aDr. Salman Nisar
_929577